000 00696nam a2200229Ia 4500
003 IN-BaIIA
008 211028s9999 xx 000 0 eng d
020 _a0-85233-557-2
040 _cIIA Library
080 _a523.6
_bJAM
100 _aJames, N and North, G
_927886
245 0 _aObserving comets
_cN. James and G. North
260 _aLondon
_bSpringer
_c2003
300 _ax, 234p.
490 _aPatrick Moore's Practical Astronomy Series
650 _aAstrometry
650 _aCometary Photometry
_927887
650 _aComets- Amateur's Manuals
_927888
650 _aComets- Observer's Manulas
_927889
700 _aNorth, G.
_927890
942 _cBK
999 _c15188
_d15188